Missing Word: Red, White, and Blue Quiz Stats

 Plays Quiz Updated Jul 4, 2014

Support Sporcle.
Go Orange.
Score 0/15 Timer 03:00
0 Plays Today
% Correct
Riding
99.3%
Seven
98.2%
Hunt
90.4%
Brothers
89.6%
Suede
89.2%
Jump
86.8%
Badge
83.1%
Castle
77.7%
% Correct
Cult
70.8%
Bull
70.7%
Bunny
65.3%
Black
64.3%
Fern
63.9%
Plain
57.3%
Collar
28.7%

Today's Daily Dose

Word Ladder
GOT7 Songs

Quick Pick
Women Comedians

Get the Picture
Collectibles

From the Vault

Name That Shoe

by MagsYoLove

This quiz is filled with 'sole'.
Remove Ads.
Support Sporcle.
Get the best of Sporcle when you Go Orange. This ad-free experience offers more features, more stats, and more fun while also helping to support Sporcle. Thank you for becoming a member.

Show Comments

Extras

Top Quizzes Today


Score Distribution

Your Account Isn't Verified!

In order to create a playlist on Sporcle, you need to verify the email address you used during registration. Go to your Sporcle Settings to finish the process.

Report this User

Report this user for behavior that violates our Community Guidelines.

Details: